សត្វឆ្កែដ៏រំខាន : (Record no. 8638)
[ view plain ]
| 000 -LEADER | |
|---|---|
| fixed length control field | 02077nam a22003137a 4500 |
| 001 - CONTROL NUMBER | |
| control field | 8638 |
| 003 - CONTROL NUMBER IDENTIFIER | |
| control field | FISKH |
| 005 - DATE AND TIME OF LATEST TRANSACTION | |
| control field | 20251007115744.0 |
| 008 - FIXED-LENGTH DATA ELEMENTS--GENERAL INFORMATION | |
| fixed length control field | 251007b cb ||||| |||| 00| 0 eng d |
| 020 ## - INTERNATIONAL STANDARD BOOK NUMBER | |
| International Standard Book Number | 9789995001070 |
| 040 ## - CATALOGING SOURCE | |
| Original cataloging agency | FISKH |
| Language of cataloging | khr |
| Transcribing agency | FISKH |
| Modifying agency | FISKH |
| 050 ## - LIBRARY OF CONGRESS CALL NUMBER | |
| Classification number | PZ7 |
| 082 ## - DEWEY DECIMAL CLASSIFICATION NUMBER | |
| Classification number | 895 |
| 100 ## - MAIN ENTRY--PERSONAL NAME | |
| Personal name | Sotheary, Kimsun |
| 245 ## - TITLE STATEMENT | |
| Title | សត្វឆ្កែដ៏រំខាន : |
| Remainder of title | Disturbing dog / |
| Statement of responsibility, etc. | អ្នកស្រី គឹមស៊ុន សុធារី , ពិនិត្យអក្ខរាវិរុទ្ធដោយ លោក ធី ចាន់ថន , លោក សេង ចំរើន និង កញ្ញា វ៉ាត ចរិយា |
| 260 ## - PUBLICATION, DISTRIBUTION, ETC. | |
| Place of publication, distribution, etc. | Phnom Penh : |
| Name of publisher, distributor, etc. | Reading Books, |
| Date of publication, distribution, etc. | 2010. |
| 300 ## - PHYSICAL DESCRIPTION | |
| Extent | 16 pages : |
| Other physical details | color illustrations ; |
| Dimensions | 25 cm . |
| 490 ## - SERIES STATEMENT | |
| Series statement | ពិភពរឿងនិទាន |
| 505 ## - FORMATTED CONTENTS NOTE | |
| Formatted contents note | J <br/> |
| 520 ## - SUMMARY, ETC. | |
| Summary, etc. | រឿងនេះចង់អប់រំអោយប្អូនៗចេះរក្សាភាពស្ងៀមស្ងាត់ មិនត្រូវបង្កសំលេង នាំអោយរំខានដល់អ្នកជិតខាងនៅពេលដែលគេកំពុងធ្វើការឬកំពុងសម្រាក ។ ជាងនេះទៅទៀតចង់អោយប្អូនៗកុមារចេះស្រលាញ់រាប់អានគ្នា និងគោរពសិទ្ធគ្នាទៅវិញទៅមក ។ |
| 520 ## - SUMMARY, ETC. | |
| Summary, etc. | This story is aimed at educating the children to do things quietly and avoid making noise that is vexing to to other persons either during working or at rest time. The story also teaches children to make more friends and respect the rights of others . |
| 521 8# - TARGET AUDIENCE NOTE | |
| Target audience note | 500 <br/> |
| Source | Lexile estimate <br/> |
| 521 8# - TARGET AUDIENCE NOTE | |
| Target audience note | J <br/> |
| Source | Raz-Plus <br/> |
| 650 ## - SUBJECT ADDED ENTRY--TOPICAL TERM | |
| Topical term or geographic name entry element | សត្វឆ្កែដ៏រំខាន |
| Form subdivision | រឿងនិទានកុមារ |
| 650 ## - SUBJECT ADDED ENTRY--TOPICAL TERM | |
| Topical term or geographic name entry element | Distrubing dog |
| Form subdivision | Children's Stories |
| 700 ## - ADDED ENTRY--PERSONAL NAME | |
| Personal name | U , Mai |
| Relator term | Illustrator |
| 942 ## - ADDED ENTRY ELEMENTS (KOHA) | |
| Source of classification or shelving scheme | Dewey Decimal Classification |
| Koha item type | Khmer Books |
| Suppress in OPAC | No |
| Withdrawn status | Lost status | Source of classification or shelving scheme | Damaged status | Not for loan | Collection | Home library | Current library | Shelving location | Date acquired | Total Checkouts | Full call number | Barcode | Date last seen | Copy number | Price effective from | Koha item type |
|---|---|---|---|---|---|---|---|---|---|---|---|---|---|---|---|---|
| Dewey Decimal Classification | Khmer-English Bilingual / ភាសាខ្មែរ-អង់គ្លេស | Footprints International School Library Network Toul Tom Poung Campus | Footprints International School Library Network Toul Tom Poung Campus | TTP Primary Khmer Bookshelves | 10/07/2025 | SOT PZ7 895 | FIS04172 | 10/07/2025 | 1 | 10/07/2025 | Khmer Books | |||||
| Dewey Decimal Classification | Khmer-English Bilingual / ភាសាខ្មែរ-អង់គ្លេស | Footprints International School Library Network Toul Tom Poung Campus | Footprints International School Library Network Toul Tom Poung Campus | TTP Primary Khmer Bookshelves | 11/11/2025 | SOT PZ7 895 | FISBK03737 | 11/11/2025 | 2 | 11/11/2025 | Khmer Books | |||||
| Dewey Decimal Classification | Khmer-English Bilingual / ភាសាខ្មែរ-អង់គ្លេស | Footprints International School Library Network Toul Tom Poung Campus | Footprints International School Library Network Toul Tom Poung Campus | TTP Primary Khmer Bookshelves | 12/08/2025 | SOT PZ7 895 | 2025-5072 | 12/08/2025 | 3 | 12/08/2025 | Khmer Books |
